| 000 | 00553nam a2200181 i 4500 | ||
|---|---|---|---|
| 001 | 59390 | ||
| 003 | ES-MaACL | ||
| 005 | 20230906164025.0 | ||
| 007 | t| | ||
| 008 | 031028s1965 sp ||||1| spa d | ||
| 100 | 1 |
_aElorduy, Eleuterio. _947076 |
|
| 245 | 1 | 0 |
_aSéneca. _nI, _pVida y escritos / _cEleuterio Elorduy. |
| 260 |
_a[Madrid] : _bInstituto Luis Vives de Filosofía, _c[1965] |
||
| 300 |
_a388 p. ; _c22 cm. |
||
| 600 | 0 | 4 |
_aSéneca, Lucio Anneo. _9105451 |
| 710 | 2 |
_aInstituto de Filosofía "Luis Vives" _9169712 |
|
| 852 |
_aES-MaACL _jE-4521 |
||
| 999 |
_c59390 _d59390 |
||